[Event "10eme Open International de La Fere"]
[Site "La Fere (FRA)"]
[Date "2011.07.02"]
[Round "1.1"]
[White "Miezis, Normunds"]
[Black "Vedovotto, Nicolas"]
[Result "1-0"]
[WhiteElo "2520"]
[BlackElo "2068"]
[PlyCount "77"]
[EventDate "2011.??.??"]

1. c4 Nc6 2. Nc3 Nf6 3. g3 e5 4. Bg2 Bc5 5. a3 a5 6. e3 d6 7. Nge2 O-O 8. h3
Bf5 9. d4 exd4 10. exd4 Ba7 11. g4 Bg6 12. Bg5 h6 13. Bh4 Bh7 14. f4 Ne7 15.
Qd2 Ng6 16. Bg3 c6 17. f5 Ne7 18. Bh4 Ne8 19. O-O f6 20. Nf4 Nc7 21. Rae1 Qd7
22. Kh1 d5 23. c5 Kh8 24. Na4 Rfe8 25. Bg3 Nb5 26. Ne6 Bg8 27. Re2 Bxe6 28.
fxe6 Qd8 29. Rxf6 gxf6 30. Qxh6+ Kg8 31. Qxf6 Bb8 32. Qf7+ Kh8 33. Be5+ Bxe5
34. Rxe5 Nf5 35. Rxf5 Qh4 36. Rh5+ Qxh5 37. Qxh5+ Kg8 38. Qf7+ Kh8 39. Nb6 1-0

[Event "10eme Open International de La Fere"]
[Site "La Fere (FRA)"]
[Date "2011.07.02"]
[Round "1.3"]
[White "Lazarev, Vladimir"]
[Black "Thomas, Olivier"]
[Result "1-0"]
[WhiteElo "2445"]
[BlackElo "2035"]
[PlyCount "59"]
[EventDate "2011.??.??"]

1. d4 Nf6 2. c4 g6 3. Nc3 Bg7 4. e4 d6 5. h3 O-O 6. Bg5 Na6 7. Bd3 Qe8 8. Nge2
e5 9. d5 Nc5 10. Bc2 a5 11. O-O Nfd7 12. Nb5 Na6 13. Bd2 b6 14. a3 f5 15. exf5
gxf5 16. f4 Ndc5 17. Ng3 exf4 18. Bxf4 Ne4 19. Rb1 Nxg3 20. Bxg3 Bd7 21. b4
axb4 22. axb4 f4 23. Bxf4 Rxf4 24. Rxf4 Qe3+ 25. Rf2 Bxb5 26. Qh5 h6 27. Qg6
Qxf2+ 28. Kxf2 Bxc4 29. Qe6+ Kh8 30. Qe4 1-0

[Event "10eme Open International de La Fere"]
[Site "La Fere (FRA)"]
[Date "2011.07.02"]
[Round "1.4"]
[White "Feryn, Benjamin"]
[Black "Jerez Perez, Alfonso"]
[Result "0-1"]
[WhiteElo "2032"]
[BlackElo "2416"]
[PlyCount "92"]
[EventDate "2011.??.??"]

1. e4 c5 2. Nf3 d6 3. d4 Nf6 4. Nc3 cxd4 5. Nxd4 Nc6 6. Bg5 e6 7. f4 Be7 8. Qd2
Nxd4 9. Qxd4 O-O 10. O-O-O h6 11. Bh4 Qa5 12. Kb1 e5 13. Qd3 exf4 14. Qb5 Qxb5
15. Bxb5 Be6 16. Nd5 Bxd5 17. Bxf6 Bxf6 18. Rxd5 Be5 19. Bd7 h5 20. h3 g6 21.
Rhd1 Kg7 22. c4 b6 23. b4 Kf6 24. R5d3 Rad8 25. Bc6 Rc8 26. Bd5 g5 27. Kc2 g4
28. a4 Rg8 29. R1d2 Rg6 30. Rf2 Ke7 31. Kd1 Rcg8 32. Ke2 R8g7 33. Kf1 Rf6 34.
a5 Rg5 35. axb6 axb6 36. Ra2 f3 37. Ra7+ Kf8 38. Ra8+ Kg7 39. h4 Rgg6 40. Raa3
fxg2+ 41. Kxg2 g3 42. Rf3 Rxf3 43. Rxf3 Rg4 44. Rxf7+ Kh6 45. Rb7 Rxh4 46. Rf7
Rh2+ 0-1

[Event "10eme Open International de La Fere"]
[Site "La Fere (FRA)"]
[Date "2011.07.02"]
[Round "1.6"]
[White "Mataigne, Jean-Michel"]
[Black "Piankov, Evgenij"]
[Result "0-1"]
[WhiteElo "2017"]
[BlackElo "2327"]
[PlyCount "88"]
[EventDate "2011.??.??"]

1. e4 c6 2. d4 d5 3. Nc3 g6 4. h3 Bg7 5. Nf3 Nh6 6. Bd3 O-O 7. O-O f6 8. Qe2
Nf7 9. Rd1 e6 10. Bf4 Nd7 11. Bg3 f5 12. exf5 exf5 13. Re1 Nf6 14. Bh4 Qb6 15.
Qe7 Ne4 16. Na4 Qa5 17. Nc5 Nxc5 18. dxc5 Bxb2 19. Bf6 Bxf6 20. Qxf6 Qxc5 21.
Re7 Qd6 22. Qh4 h6 23. Rae1 Bd7 24. g4 Rae8 25. Rxe8 Rxe8 26. Rxe8+ Bxe8 27.
gxf5 g5 28. Qg4 Ne5 29. Nxe5 Qxe5 30. h4 Qf4 31. f3 Kg7 32. Kg2 Kf6 33. Kh3 Qe3
34. Kg3 c5 35. hxg5+ Qxg5 36. c3 Bd7 37. f4 Qxg4+ 38. Kxg4 b5 39. Kh5 b4 40.
cxb4 cxb4 41. Bc2 Bxf5 42. Bb3 d4 43. Kxh6 d3 44. Kh5 Be6 0-1

[Event "10eme Open International de La Fere"]
[Site "La Fere (FRA)"]
[Date "2011.07.02"]
[Round "1.7"]
[White "Forthofer, Robert"]
[Black "Koechler, Thomas"]
[Result "1-0"]
[WhiteElo "2274"]
[BlackElo "1989"]
[PlyCount "51"]
[EventDate "2011.??.??"]

1. d4 d6 2. c4 g6 3. Nc3 Bg7 4. e4 Nf6 5. f4 O-O 6. Nf3 Ne8 7. Be2 f5 8. e5 e6
9. O-O b6 10. Be3 Bb7 11. Ng5 Qe7 12. Bf3 Nc6 13. Nxe6 dxe5 14. dxe5 Rf7 15.
Bd5 Kh8 16. Ng5 Rf8 17. Qf3 Bxe5 18. fxe5 Nxe5 19. Bd4 c6 20. Rae1 Qxg5 21.
Bxe5+ Nf6 22. Bxc6 Bxc6 23. Qxc6 Rac8 24. Qe6 Rcd8 25. Ne4 fxe4 26. Rxf6 1-0

[Event "10eme Open International de La Fere"]
[Site "La Fere (FRA)"]
[Date "2011.07.02"]
[Round "1.8"]
[White "Pingue, Renaud"]
[Black "Peric, Slavisa"]
[Result "0-1"]
[WhiteElo "1989"]
[BlackElo "2258"]
[PlyCount "90"]
[EventDate "2011.??.??"]

1. e4 e6 2. d4 d5 3. exd5 exd5 4. Bd3 Nc6 5. c3 Qf6 6. Qf3 Be6 7. Be3 Bd6 8.
Nd2 h6 9. O-O-O O-O-O 10. Ne2 Qxf3 11. Nxf3 Bg4 12. Nf4 Nce7 13. Be2 Nf6 14. h3
Bf5 15. Nd3 Be4 16. Nfe5 Rhf8 17. f3 Bh7 18. g4 Rde8 19. Rde1 Nfg8 20. Nf4 g5
21. Ng2 f6 22. Nd3 Ng6 23. Bd1 Nh4 24. Nxh4 Bxd3 25. Nf5 Bxf5 26. gxf5 Rxe3 27.
Rxe3 Bf4 28. Kd2 Re8 29. Rhe1 h5 30. Kd3 Rxe3+ 31. Rxe3 Bxe3 32. Kxe3 Nh6 33.
Bc2 Kd7 34. f4 Ke7 35. Kf3 g4+ 36. hxg4 Nxg4 37. Bb3 c6 38. Kg3 Ne3 39. Kh4
Ng2+ 40. Kg3 Ne1 41. Bd1 Nd3 42. b3 Nc1 43. a3 b5 44. c4 dxc4 45. bxc4 bxc4 0-1

[Event "10eme Open International de La Fere"]
[Site "La Fere (FRA)"]
[Date "2011.07.02"]
[Round "1.9"]
[White "Llaneza Vega, Patricia"]
[Black "Waquet, Frederic"]
[Result "1-0"]
[WhiteElo "2246"]
[BlackElo "1967"]
[PlyCount "47"]
[EventDate "2011.??.??"]

1. e4 e6 2. d4 d5 3. Nc3 Bb4 4. e5 Ne7 5. Bd2 b6 6. Nf3 Ba6 7. Bxa6 Nxa6 8. Qe2
Nb8 9. Nd1 Bxd2+ 10. Qxd2 c5 11. c3 Nbc6 12. Ne3 Qc8 13. O-O Qa6 14. c4 Rd8 15.
cxd5 Nxd5 16. dxc5 bxc5 17. Qc1 Nxe3 18. Qxe3 Nd4 19. Ng5 Qe2 20. Ne4 O-O 21.
Qxe2 Nxe2+ 22. Kh1 Rd5 23. Rfe1 Rfd8 24. Rxe2 1-0

[Event "10eme Open International de La Fere"]
[Site "La Fere (FRA)"]
[Date "2011.07.02"]
[Round "1.10"]
[White "Rouffignac, Tanguy"]
[Black "Safranska, Anda"]
[Result "0-1"]
[WhiteElo "1964"]
[BlackElo "2230"]
[PlyCount "94"]
[EventDate "2011.??.??"]

1. e4 g6 2. d4 Bg7 3. Nc3 c6 4. Nf3 d6 5. Be3 Nd7 6. Qd2 b5 7. Bd3 Qc7 8. O-O
Ngf6 9. Bh6 O-O 10. Bxg7 Kxg7 11. a4 b4 12. Ne2 c5 13. b3 e5 14. d5 a5 15. Ng3
h6 16. Bb5 Nb6 17. Qd3 Ra7 18. Nd2 Qe7 19. Nc4 Nxc4 20. Bxc4 h5 21. Rae1 Rh8
22. Ne2 h4 23. f3 Nh5 24. f4 exf4 25. Nxf4 Qe5 26. Qf3 Nxf4 27. Qxf4 Re7 28.
Re2 Rh5 29. Bd3 Qxf4 30. Rxf4 Ree5 31. Ref2 f5 32. h3 g5 33. R4f3 f4 34. Rf1
Rh8 35. R3f2 Kf6 36. Re2 Bd7 37. Rfe1 Re7 38. Kf2 Ke5 39. Rd1 g4 40. Rh1 g3+
41. Ke1 Rf8 42. Rd2 f3 43. Rf1 fxg2 44. Rxg2 Rxf1+ 45. Bxf1 Bxh3 46. Rg1 Bxf1
47. Rxf1 g2 0-1

[Event "10eme Open International de La Fere"]
[Site "La Fere (FRA)"]
[Date "2011.07.02"]
[Round "1.11"]
[White "Mancini, Mario"]
[Black "Meunier, Samuel"]
[Result "1-0"]
[WhiteElo "2213"]
[BlackElo "1950"]
[PlyCount "37"]
[EventDate "2011.??.??"]

1. d4 Nf6 2. c4 e6 3. Nc3 d5 4. Bg5 Be7 5. e3 O-O 6. Nf3 a6 7. Rc1 c6 8. Bd3
dxc4 9. Bxc4 b5 10. Bd3 Bb7 11. O-O Nbd7 12. Bxf6 Nxf6 13. Ne4 Nd7 14. Ne5 Nxe5
15. dxe5 Qd5 16. Bb1 Rac8 17. Qc2 g6 18. Rfd1 Qxe5 19. Rd7 1-0

[Event "10eme Open International de La Fere"]
[Site "La Fere (FRA)"]
[Date "2011.07.02"]
[Round "1.12"]
[White "Mestdagh, Franck"]
[Black "Henris, Luc"]
[Result "0-1"]
[WhiteElo "1948"]
[BlackElo "2189"]
[PlyCount "59"]
[EventDate "2011.??.??"]

1. e4 e5 2. Nf3 Nc6 3. Bc4 Nf6 4. d4 exd4 5. O-O Bc5 6. e5 d5 7. exf6 dxc4 8.
Re1+ Be6 9. Ng5 Qd5 10. Nc3 Qf5 11. Nce4 Bb6 12. g4 Qe5 13. f4 d3+ 14. Kg2 Qd5
15. fxg7 Rg8 16. Kg3 O-O-O 17. c3 Rxg7 18. Nf6 Qd6 19. Nge4 Qe7 20. h3 Rg6 21.
g5 d2 22. Bxd2 Rd3+ 23. Kg2 Bxh3+ 24. Kh2 Qd8 25. Qe2 h6 26. Rad1 hxg5 27. fxg5
Be6 28. Be3 Qh8+ 29. Kg3 Qh3+ 30. Kf4 0-1

[Event "10eme Open International de La Fere"]
[Site "La Fere (FRA)"]
[Date "2011.07.02"]
[Round "1.13"]
[White "Schartz, Alain"]
[Black "Rigolot, Lucie"]
[Result "1-0"]
[WhiteElo "2172"]
[BlackElo "1946"]
[PlyCount "41"]
[EventDate "2011.??.??"]

1. e4 c5 2. c3 d5 3. exd5 Qxd5 4. d4 Nf6 5. Nf3 e6 6. Na3 Qd8 7. Nc2 Be7 8. Bg5
Nbd7 9. Bd3 O-O 10. O-O b6 11. Qe2 Bb7 12. Rfe1 Re8 13. Rad1 Qc7 14. Ne5 Nd5
15. Bxh7+ Kxh7 16. Qh5+ Kg8 17. Qxf7+ Kh7 18. Rd3 Bxg5 19. Rh3+ Bh6 20. Rxh6+
Kxh6 21. Qg6# 1-0

[Event "10eme Open International de La Fere"]
[Site "La Fere (FRA)"]
[Date "2011.07.02"]
[Round "1.14"]
[White "Dumas, Victor"]
[Black "Schroeder, Jan-Christian"]
[Result "1/2-1/2"]
[WhiteElo "1929"]
[BlackElo "2164"]
[PlyCount "80"]
[EventDate "2011.??.??"]

1. e4 e5 2. f4 Bc5 3. Nf3 d6 4. Nc3 Nf6 5. Bc4 Nc6 6. d3 a6 7. Qe2 Bg4 8. Be3
Nd4 9. Bxd4 Bxd4 10. h3 Nh5 11. hxg4 Ng3 12. Nxd4 exd4 13. Qf3 Nxh1 14. Ne2
Qh4+ 15. g3 Qh2 16. Kd2 Nf2 17. Rf1 Nh3 18. Ke1 c6 19. Rh1 Qf2+ 20. Qxf2 Nxf2
21. Kxf2 b5 22. Bb3 c5 23. g5 Rc8 24. Bd5 Rc7 25. Kf3 Ke7 26. f5 a5 27. Nf4
Rcc8 28. Kg4 a4 29. Rh2 Rb8 30. g6 hxg6 31. Rxh8 gxf5+ 32. exf5 Rxh8 33. Bc6
Rh2 34. Bxb5 Rxc2 35. Bxa4 Rxb2 36. Bb3 Rd2 37. Bc4 Rd1 38. Nd5+ Kd8 39. a4 Ra1
40. Bb5 c4 1/2-1/2

[Event "10eme Open International de La Fere"]
[Site "La Fere (FRA)"]
[Date "2011.07.02"]
[Round "1.15"]
[White "Marchyllie, Bruno"]
[Black "Hutin, Evgueny"]
[Result "1-0"]
[WhiteElo "2143"]
[BlackElo "1923"]
[PlyCount "37"]
[EventDate "2011.??.??"]

1. e4 c5 2. Nc3 e6 3. g3 Nc6 4. Bg2 Nf6 5. d3 d5 6. f4 dxe4 7. Nxe4 Be7 8. Ne2
O-O 9. O-O Qc7 10. N2c3 b6 11. f5 exf5 12. Bf4 Qd7 13. Nxf6+ Bxf6 14. Nd5 Bd4+
15. Kh1 Bb7 16. c3 Be5 17. Qh5 Bxf4 18. Rxf4 Ne5 19. Rh4 1-0

[Event "10eme Open International de La Fere"]
[Site "La Fere (FRA)"]
[Date "2011.07.02"]
[Round "1.16"]
[White "Soveaux, Jean"]
[Black "Eeckhout, Jean-Louis"]
[Result "1/2-1/2"]
[WhiteElo "1893"]
[BlackElo "1696"]
[PlyCount "124"]
[EventDate "2011.??.??"]

1. d4 d5 2. c4 e6 3. Nc3 Nf6 4. Nf3 c6 5. Bg5 Nbd7 6. Qc2 h6 7. Bh4 Bb4 8. a3
Qa5 9. Rc1 Bxc3+ 10. Qxc3 Qa4 11. Nd2 O-O 12. f3 dxc4 13. Nxc4 Nd5 14. Qd2 N5b6
15. e3 Nxc4 16. Bxc4 b5 17. Bd3 Qa6 18. O-O Qb6 19. Bb1 Re8 20. Rc3 Bb7 21. Qd3
Nf8 22. Rd1 e5 23. dxe5 Ng6 24. Bf2 Rad8 25. Qc2 Rxd1+ 26. Qxd1 Nxe5 27. Qc2 g6
28. e4 Qd8 29. Bg3 Qd4+ 30. Bf2 Qd7 31. h3 a6 32. Kh2 Rd8 33. Bg3 Nc4 34. Rd3
Qxd3 35. Qxd3 Rxd3 36. Bxd3 Nxb2 37. Bc2 Nc4 38. a4 bxa4 39. Bxa4 Nb6 40. Bc2
Nd7 41. Kg1 c5 42. Bc7 Bc6 43. Kf2 Bb5 44. g4 c4 45. f4 Nc5 46. Ke3 Ne6 47. Bb6
Nf8 48. h4 Nd7 49. Bc7 Nc5 50. e5 Ne6 51. Bb6 Ng7 52. Ba5 h5 53. g5 Kf8 54. Bd2
Bd7 55. Kd4 Bf5 56. Ba4 Bd3 57. Bb4+ Kg8 58. Bd7 Bf5 59. Ba4 Bd3 60. Be1 Ne6+
61. Ke3 Nc5 62. Bd1 Ne6 1/2-1/2

[Event "10eme Open International de La Fere"]
[Site "La Fere (FRA)"]
[Date "2011.07.02"]
[Round "1.17"]
[White "Durot, Edwige"]
[Black "Jimenez, Martin"]
[Result "0-1"]
[WhiteElo "1693"]
[BlackElo "1888"]
[PlyCount "90"]
[EventDate "2011.??.??"]

1. e4 c6 2. d4 d5 3. Nd2 dxe4 4. Nxe4 Bf5 5. Ng3 Bg6 6. h4 h6 7. h5 Bh7 8. Nf3
Nd7 9. Bd3 Bxd3 10. Qxd3 e6 11. c3 Qc7 12. Be3 Ngf6 13. Ne2 Bd6 14. g3 Nd5 15.
Bd2 c5 16. dxc5 Nxc5 17. Qc2 e5 18. O-O-O e4 19. Ne1 Nf6 20. Bf4 O-O-O 21. Bxd6
Rxd6 22. Rxd6 Qxd6 23. Nf4 Rd8 24. Neg2 Ng4 25. Qe2 Ne5 26. Ne3 Ned3+ 27. Nxd3
exd3 28. Qg4+ Kb8 29. Qf4 Qxf4 30. gxf4 d2+ 31. Kc2 Nd3 32. f5 Nxf2 33. Rf1
d1=Q+ 34. Nxd1 Nxd1 35. Rxd1 Rxd1 36. Kxd1 Kc7 37. Ke2 Kd6 38. Kf3 Ke5 39. Kg4
f6 40. b3 b5 41. a3 a5 42. b4 axb4 43. cxb4 Ke4 44. a4 bxa4 45. b5 Kd5 0-1

[Event "10eme Open International de La Fere"]
[Site "La Fere (FRA)"]
[Date "2011.07.02"]
[Round "1.18"]
[White "Vandervorst, Marc"]
[Black "Van Poucke, Philippe"]
[Result "0-1"]
[WhiteElo "1882"]
[BlackElo "1688"]
[PlyCount "96"]
[EventDate "2011.??.??"]

1. e4 e5 2. Nf3 d6 3. Bc4 Nc6 4. Nc3 Be7 5. d3 Na5 6. Nd2 Nxc4 7. Nxc4 Be6 8.
Ne3 Qd7 9. O-O Nf6 10. f4 exf4 11. Rxf4 O-O-O 12. Ncd5 Bxd5 13. Nxd5 Nxd5 14.
exd5 f5 15. c3 g5 16. Ra4 a6 17. b4 Bf6 18. Bd2 Rde8 19. Rb1 Qb5 20. d4 Re2 21.
Ra5 Qd3 22. Be1 Qxd1 23. Rxd1 Rhe8 24. Bd2 Kd7 25. b5 axb5 26. Rxb5 b6 27. Kf1
h5 28. a4 h4 29. Kg1 h3 30. gxh3 Rh8 31. Rb2 Rxh3 32. Bc1 Rhxh2 33. Rdd2 Rxd2
34. Bxd2 Rh4 35. Kg2 Re4 36. Kf2 Rh4 37. Rb1 Rh2+ 38. Ke3 f4+ 39. Kd3 f3 40.
Rf1 g4 41. Bf4 Re2 42. Rh1 Re8 43. Rg1 f2 44. Rf1 Bh4 45. Be3 g3 46. Rh1 g2 47.
Rxh4 f1=Q+ 48. Kd2 Rxe3 0-1

[Event "10eme Open International de La Fere"]
[Site "La Fere (FRA)"]
[Date "2011.07.02"]
[Round "1.19"]
[White "Roux, Jean-Francois"]
[Black "Londers, Jan"]
[Result "0-1"]
[WhiteElo "1682"]
[BlackElo "1877"]
[PlyCount "74"]
[EventDate "2011.??.??"]

1. d4 Nf6 2. c4 c5 3. d5 b5 4. b3 bxc4 5. bxc4 d6 6. Bb2 Nbd7 7. Nd2 Rb8 8. Qc2
g6 9. e4 Bg7 10. Ngf3 O-O 11. Rb1 Qa5 12. Ba1 Rxb1+ 13. Qxb1 Nxe4 14. Bxg7 Nxd2
15. Nxd2 Kxg7 16. Qb2+ f6 17. f4 Nb6 18. Be2 Na4 19. Qa3 Bd7 20. Qe3 Re8 21.
O-O e6 22. Nb3 Qc3 23. Rf3 Qc2 24. Qf2 exd5 25. Bd3 Qd1+ 26. Bf1 dxc4 27. Na5
c3 28. Nc4 c2 29. Ne3 c1=Q 30. Nxd1 Qxd1 31. Rd3 Qb1 32. Rxd6 Bb5 33. Qf3 Bxf1
34. Rd7+ Kf8 35. Kf2 Re2+ 36. Kg3 Rxg2+ 37. Kh4 Rxh2+ 0-1

[Event "10eme Open International de La Fere"]
[Site "La Fere (FRA)"]
[Date "2011.07.02"]
[Round "1.20"]
[White "Molet, Asher"]
[Black "Dumenil, Jean-Francois"]
[Result "0-1"]
[WhiteElo "1859"]
[BlackElo "1670"]
[PlyCount "70"]
[EventDate "2011.??.??"]

1. d4 c6 2. Nf3 d5 3. Bf4 Nf6 4. e3 Bg4 5. Nbd2 e6 6. c4 Be7 7. Qb3 Qc8 8. Ne5
Bf5 9. Rc1 Nbd7 10. Be2 h6 11. O-O O-O 12. Bf3 Nxe5 13. Bxe5 Qd7 14. Rfd1 Ne8
15. h3 Bd6 16. e4 dxe4 17. Nxe4 Bxe4 18. Bxe4 Bxe5 19. dxe5 Qc7 20. Qc3 Rd8 21.
Bc2 g6 22. Rxd8 Qxd8 23. Rd1 Qc7 24. Qd4 Ng7 25. Qd7 Qxe5 26. Qxb7 Qe2 27. Qb3
Nf5 28. Bxf5 exf5 29. c5 Qe5 30. Qc3 Qe4 31. Re1 Qd5 32. a3 Rd8 33. Re7 Qd1+
34. Kh2 Qd2 35. Qf6 Qf4+ 0-1

[Event "10eme Open International de La Fere"]
[Site "La Fere (FRA)"]
[Date "2011.07.02"]
[Round "1.21"]
[White "Chevance, Gerard"]
[Black "Pretceille, Jeremie"]
[Result "0-1"]
[WhiteElo "1660"]
[BlackElo "1857"]
[PlyCount "46"]
[EventDate "2011.??.??"]

1. d4 Nf6 2. Nf3 e6 3. e3 c5 4. c3 d5 5. Bb5+ Bd7 6. Qa4 Qb6 7. Bxd7+ Nbxd7 8.
O-O Bd6 9. Nbd2 O-O 10. Re1 e5 11. Nxe5 Bxe5 12. dxe5 Nxe5 13. Rd1 c4 14. Qc2
Qc7 15. Nf1 Nd3 16. h3 Ne4 17. Rxd3 cxd3 18. Qxd3 Rad8 19. Bd2 Qc4 20. Qc2 Qe2
21. Rd1 Qxf2+ 22. Kh1 Rd6 23. Nh2 Ng3# 0-1

[Event "10eme Open International de La Fere"]
[Site "La Fere (FRA)"]
[Date "2011.07.02"]
[Round "1.22"]
[White "Touret, Alex"]
[Black "Paris, Pierre-Julien"]
[Result "1-0"]
[WhiteElo "1843"]
[BlackElo "1650"]
[PlyCount "51"]
[EventDate "2011.??.??"]

1. e4 c6 2. f4 d5 3. e5 Bf5 4. Nf3 h6 5. d4 e6 6. Nc3 Nd7 7. Bd3 Bxd3 8. Qxd3
Ne7 9. Bd2 Rc8 10. O-O c5 11. Ne2 Qb6 12. Kh1 cxd4 13. Nfxd4 Nc6 14. f5 Ncxe5
15. Qh3 exf5 16. Rxf5 Bd6 17. Raf1 Bb8 18. a3 O-O 19. Be3 Qa6 20. Ng3 Nc4 21.
Bxh6 gxh6 22. Rh5 f6 23. Rxh6 Bxg3 24. Qg4+ Kf7 25. Qxd7+ Kg8 26. Qh7# 1-0

[Event "10eme Open International de La Fere"]
[Site "La Fere (FRA)"]
[Date "2011.07.02"]
[Round "1.23"]
[White "Vernadet, Cyril"]
[Black "Boudier, Eric"]
[Result "1-0"]
[WhiteElo "1649"]
[BlackElo "1840"]
[PlyCount "73"]
[EventDate "2011.??.??"]

1. e4 d5 2. exd5 Nf6 3. Nf3 Bg4 4. Bb5+ Nbd7 5. c4 a6 6. Bxd7+ Qxd7 7. d3 e6 8.
dxe6 Qxe6+ 9. Be3 O-O-O 10. O-O Qf5 11. d4 Bd6 12. Nbd2 Qd3 13. Rc1 c6 14. Qc2
Qg6 15. Qxg6 hxg6 16. h3 Bf5 17. Ng5 Rdf8 18. Rfe1 Ne8 19. d5 f6 20. Ngf3 g5
21. c5 Bf4 22. Bxf4 gxf4 23. d6 g5 24. Nc4 Rh7 25. Nb6+ Kd8 26. Nd4 Bd7 27. Re6
f5 28. Rce1 Nf6 29. Re7 Rhf7 30. Nxd7 Ne4 31. Rxf7 Rxf7 32. Ne5 Rf6 33. b4 Nc3
34. a3 Nd5 35. Ndf3 Nc3 36. Nxg5 Nb5 37. Ngf7+ 1-0

[Event "10eme Open International de La Fere"]
[Site "La Fere (FRA)"]
[Date "2011.07.02"]
[Round "1.24"]
[White "Dermenghen, Thomas"]
[Black "Pruvost, Alain"]
[Result "1-0"]
[WhiteElo "1839"]
[BlackElo "1647"]
[PlyCount "63"]
[EventDate "2011.??.??"]

1. e4 c5 2. Nf3 Qa5 3. Nc3 Nc6 4. d4 cxd4 5. Nxd4 Nf6 6. Nb3 Qc7 7. Be3 e6 8.
a3 Be7 9. Qd2 a6 10. f4 Ng4 11. Bg1 Na5 12. Nxa5 Qxa5 13. h3 Nh6 14. g4 Bh4+
15. Bf2 Bxf2+ 16. Qxf2 g5 17. e5 Ng8 18. b4 Qc7 19. Ne4 Kf8 20. O-O-O b6 21.
Nd6 h6 22. fxg5 Rh7 23. g6 Rg7 24. Nxf7 Ke7 25. Nd6 Bb7 26. Nxb7 Qxe5 27. Qxb6
Qa1+ 28. Kd2 Qxa3 29. Qc5+ Kf6 30. Bd3 Re7 31. Rhf1+ Kg7 32. Qe5+ 1-0

[Event "10eme Open International de La Fere"]
[Site "La Fere (FRA)"]
[Date "2011.07.02"]
[Round "1.25"]
[White "Fauchart, Francois"]
[Black "Jean, Robert"]
[Result "0-1"]
[WhiteElo "1642"]
[BlackElo "1808"]
[PlyCount "78"]
[EventDate "2011.??.??"]

1. d4 Nf6 2. Nf3 g6 3. Bf4 d6 4. h3 Bg7 5. e3 O-O 6. Be2 c5 7. c3 Nc6 8. Nbd2
a6 9. O-O b5 10. Re1 Bd7 11. Qc2 Rc8 12. a3 cxd4 13. exd4 Nd5 14. Bh2 e5 15.
dxe5 dxe5 16. Bd3 Re8 17. Ne4 Be6 18. Nc5 Qb6 19. Nxe6 Rxe6 20. Be4 Nde7 21.
Rad1 h6 22. Qb3 Na5 23. Qa2 Nc4 24. b3 Nd6 25. Qd2 Nxe4 26. Rxe4 f5 27. Re3 e4
28. Nd4 Rd8 29. Qc2 Bxd4 30. cxd4 Rxd4 31. Rxd4 Qxd4 32. Rc3 Nd5 33. Rc8+ Kf7
34. Bf4 e3 35. Bxh6 exf2+ 36. Kh2 Qe5+ 37. g3 f1=N+ 38. Kg1 Qxg3+ 39. Kxf1 Re1#
0-1

[Event "10eme Open International de La Fere"]
[Site "La Fere (FRA)"]
[Date "2011.07.02"]
[Round "1.26"]
[White "Van Wiele, Kurt"]
[Black "Caloone, Thomas"]
[Result "1-0"]
[WhiteElo "1806"]
[BlackElo "1640"]
[PlyCount "35"]
[EventDate "2011.??.??"]

1. e4 e6 2. d4 d5 3. e5 c5 4. c3 Nc6 5. Nf3 Qb6 6. Bd3 cxd4 7. cxd4 Bd7 8. O-O
Nxd4 9. Ng5 h6 10. Nxf7 Kxf7 11. Qh5+ Ke7 12. Qh4+ Nf6 13. Be3 Nf3+ 14. gxf3
Qxb2 15. Bd4 g5 16. exf6+ Kd8 17. Bxb2 gxh4 18. f7 1-0

[Event "10eme Open International de La Fere"]
[Site "La Fere (FRA)"]
[Date "2011.07.02"]
[Round "1.28"]
[White "Louis, Andre"]
[Black "Huyet, Yannick"]
[Result "1/2-1/2"]
[WhiteElo "1800"]
[BlackElo "1629"]
[PlyCount "70"]
[EventDate "2011.??.??"]

1. e4 Nf6 2. e5 Nd5 3. d4 d6 4. c4 Nb6 5. f4 g6 6. Be3 Bg7 7. Nc3 O-O 8. Nf3 e6
9. Qc2 dxe5 10. fxe5 Qe7 11. Be2 c5 12. O-O-O cxd4 13. Bxd4 Nc6 14. Ne4 Nxd4
15. Rxd4 Nd7 16. Rxd7 Bxd7 17. Rd1 Bc6 18. Bd3 Rab8 19. Qc3 Rfd8 20. Nf6+ Kh8
21. Qe1 Bxf6 22. exf6 Qxf6 23. Ne5 Bxg2 24. Qg3 Qg7 25. Nd7 Rbc8 26. Be2 Bc6
27. Ne5 Rxd1+ 28. Bxd1 Be4 29. Qf4 Bf5 30. b3 b5 31. Be2 Rc5 32. Nxf7+ Qxf7 33.
Qd4+ Qg7 34. Qd8+ Qg8 35. Qd4+ Qg7 1/2-1/2

[Event "10eme Open International de La Fere"]
[Site "La Fere (FRA)"]
[Date "2011.07.02"]
[Round "1.29"]
[White "Bouchard, Sebastien"]
[Black "Casier, Fabrice"]
[Result "1/2-1/2"]
[WhiteElo "1610"]
[BlackElo "1795"]
[PlyCount "61"]
[EventDate "2011.??.??"]

1. e4 d5 2. exd5 Qxd5 3. Nc3 Qa5 4. d3 Nf6 5. Bd2 c6 6. Nf3 Bg4 7. Be2 Nbd7 8.
Ne4 Qc7 9. Nfg5 Bxe2 10. Qxe2 h6 11. Nxf6+ Nxf6 12. Ne4 Nd5 13. c4 Nf4 14. Qf3
e5 15. Bc3 O-O-O 16. O-O-O f6 17. d4 exd4 18. Rxd4 Rxd4 19. Bxd4 Kb8 20. g3 Ne6
21. Be3 Qe5 22. Rd1 f5 23. Nc3 Bc5 24. Bxc5 Nxc5 25. Qe2 Qxe2 26. Nxe2 Kc7 27.
f3 Re8 28. Nd4 g6 29. Kd2 Rd8 30. Ke2 Re8+ 31. Kd2 1/2-1/2

[Event "10eme Open International de La Fere"]
[Site "La Fere (FRA)"]
[Date "2011.07.02"]
[Round "1.30"]
[White "Obert, Julien"]
[Black "Dupont, Victor"]
[Result "1/2-1/2"]
[WhiteElo "1792"]
[BlackElo "1609"]
[PlyCount "67"]
[EventDate "2011.??.??"]

1. e4 e5 2. Nf3 d6 3. Bc4 g6 4. d4 Nd7 5. dxe5 dxe5 6. O-O Bg7 7. Nc3 Ngf6 8.
h3 O-O 9. Be3 a6 10. a4 b6 11. Re1 Bb7 12. Bg5 Re8 13. Qe2 c6 14. Rad1 Qc7 15.
Qe3 b5 16. axb5 cxb5 17. Bb3 Nc5 18. Bxf6 Bxf6 19. Bd5 Rad8 20. Bxb7 Nxb7 21.
Nd5 Qc6 22. Rd3 Bg7 23. Rc3 Qd6 24. Rd1 Rc8 25. Rd2 Rxc3 26. Qxc3 Nc5 27. Nb4
Qb6 28. Qe3 Rc8 29. Nd5 Qb7 30. Ne1 Bf8 31. Nd3 Nxd3 32. Qxd3 Rc4 33. c3 Qc6
34. b4 1/2-1/2

[Event "10eme Open International de La Fere"]
[Site "La Fere (FRA)"]
[Date "2011.07.02"]
[Round "1.31"]
[White "Herman, Jose"]
[Black "Oprandi, William"]
[Result "0-1"]
[WhiteElo "1609"]
[BlackElo "1779"]
[PlyCount "96"]
[EventDate "2011.??.??"]

1. d4 Nf6 2. c4 e6 3. Nc3 Bb4 4. Bg5 c5 5. Bxf6 Qxf6 6. Nf3 cxd4 7. Nxd4 Nc6 8.
e3 Bxc3+ 9. bxc3 O-O 10. Be2 b6 11. O-O Na5 12. Qa4 Qe7 13. Rab1 Ba6 14. Nb3
Nxb3 15. axb3 Bb7 16. Qb5 Bc6 17. Qe5 f5 18. f4 Be4 19. Ra1 Rfc8 20. Bf3 Rc5
21. Qd4 d5 22. Bxe4 dxe4 23. Rfd1 Rcc8 24. Qd7 Kf7 25. Kf2 Rd8 26. Qxe7+ Kxe7
27. Rxd8 Kxd8 28. Ke2 Ke7 29. Ra2 a5 30. h3 h5 31. h4 Kd6 32. Rd2+ Kc7 33. Kd1
a4 34. Ra2 a3 35. b4 Kd6 36. Kc2 e5 37. g3 exf4 38. gxf4 Kc6 39. Kb3 Rd8 40.
Kxa3 Rd3 41. Re2 Rxc3+ 42. Kb2 Rxc4 43. Rc2 Rxc2+ 44. Kxc2 Kb5 45. Kc3 Ka4 46.
Kc4 b5+ 47. Kd4 Kxb4 48. Ke5 Kc4 0-1

[Event "10eme Open International de La Fere"]
[Site "La Fere (FRA)"]
[Date "2011.07.02"]
[Round "1.32"]
[White "Dernoncourt, Christophe"]
[Black "Alloui-Cros, Baptiste"]
[Result "1/2-1/2"]
[WhiteElo "1772"]
[BlackElo "1599"]
[PlyCount "89"]
[EventDate "2011.??.??"]

1. d4 d5 2. c4 c6 3. cxd5 cxd5 4. Nc3 Nf6 5. Bg5 Nc6 6. e3 Bf5 7. a3 a6 8. Bxf6
exf6 9. Qb3 Be6 10. Nge2 Bd6 11. g3 O-O 12. Bg2 Ne7 13. O-O Qa5 14. Qa2 Rfd8
15. b4 Qb6 16. Nxd5 Bxd5 17. Bxd5 Nxd5 18. Qxd5 Bxg3 19. Qc5 Qxc5 20. bxc5 Bc7
21. Rab1 Rab8 22. Nc3 b6 23. c6 Rd6 24. d5 Rbd8 25. Rfd1 f5 26. f3 Rh6 27. Rd2
Rh3 28. Nd1 f4 29. exf4 Rxf3 30. Nf2 Rxf4 31. Re1 f5 32. Re7 Bd6 33. Rd7 Rxd7
34. cxd7 Be7 35. Re2 Kf7 36. d6 Bf6 37. Re8 Rd4 38. d8=Q Bxd8 39. Rxd8 Ke6 40.
Nh3 Rxd6 41. Nf4+ Ke7 42. Rh8 h6 43. Ra8 a5 44. Ra7+ Kf6 45. Nh5+ 1/2-1/2